000
00274nam a2200097Ia 4500
001
645060
005
20250826153616.0
008
250824s9999 xx 000 0 und d
245
0
_a
JANE EYRE ANTİK OKUL KLASİKLERİ
_c
CHARLOTTE BRONTE
260
_b
ANTİK DÜNYA KLASİKLERİ
999
_c
645060
_d
645060